| 000 | 00788nam a22002297a 4500 | ||
|---|---|---|---|
| 999 |
_c175783 _d175783 |
||
| 005 | 20200930113358.0 | ||
| 010 | _aENG-128490 | ||
| 020 |
_a9788179306963 _c535.00 |
||
| 035 | _aEN-112022 | ||
| 082 | _a503 | ||
| 245 |
_aDevelopments in Science & Technology / _cedited by Kalpana Rajaram and Dr. R.K. Suri: Editorial Assistance provided by R. Vidya and Avinash Purohit |
||
| 250 | _a27th ed | ||
| 260 |
_aNew Delhi _bSpectrum Books _c2018 |
||
| 270 |
_aA1 291, First Floor, Janakpuri _bNew Delhi _e110058 _k25507922, 25623501, 25611640 _minfo@spectrumbooks.in |
||
| 300 |
_axv, 688p. _c24cm(pbk) _bTables |
||
| 700 | _aRajaram, Kalpana | ||
| 700 | _aSuri, R.K. | ||
| 700 | _aVidya, R. | ||
| 700 | _aPurohit, Avinash | ||
| 942 |
_2ddc _cEN _mDEV _h503 |
||